Language Quiz

Random Language or Puzzle Quiz

Word Wheels VI Quiz Stats

 Plays Quiz Updated Dec 17, 2019

Support Sporcle.
Go Orange.
Score 0/12 Timer 06:00
3 Plays Today
% Correct
I - Sediment
82.8%
W - Headwind
80.6%
U - Languish
79.9%
T - Tactless
78.7%
G - Wriggles
78.2%
R - Director
78.2%
E - Generate
77.8%
N - Diagonal
76.7%
F - Carefree
76.3%
C - Uncommon
74.8%
L - Revealed
74.2%
A - Operetta
63%

You're not logged in!

Compare scores with friends on all Sporcle quizzes.
OR
Log In

From the Vault

Last 25 Years: 'H' Movies

by SporcleEXP

Stack a bunch of H's on top of each other, and you've got yourself a nifty ladder.
Remove Ads.
Support Sporcle.
Get the best of Sporcle when you Go Orange. This ad-free experience offers more features, more stats, and more fun while also helping to support Sporcle. Thank you for becoming a member.

Show Comments

Extras

Top Quizzes Today


Score Distribution

Your Account Isn't Verified!

In order to create a playlist on Sporcle, you need to verify the email address you used during registration. Go to your Sporcle Settings to finish the process.

Report this User

Report this user for behavior that violates our Community Guidelines.

Details: